000
00232nam a22001097a 4500
041
_a
eng
080
_a
80
100
_a
Guralnik, David
245
_a
Websters.New World Dictionary. Elementary.
650
_a
Reference
999
_c
278127
_d
278127
942
_c
BK